Bulletin of the atomic scientists
| Título anterior: | Bulletin of the Atomic Scientists of Chicago (Online) |
|---|---|
| Autores Corporativos: | , , |
| Formato: | Electrónico Revista |
| Lenguaje: | inglés |
| Publicado: |
[Chicago] :
Bulletin of the atomic scientists
[Thousand Oaks, Calif.?] : Sage [Philadelphia, PA?] : Taylor & Francis |
| Materias: | |
| Acceso en línea: | Full text available from Research Library: 01/01/1988 to 11/30/2003 |
MARC
| LEADER | 00000nas a2200000 a 4500 | ||
|---|---|---|---|
| 001 | ssj0000267 | ||
| 003 | WaSeSS | ||
| 005 | 20200512172242.0 | ||
| 006 | m d | ||
| 007 | cr n | ||
| 008 | 970815c19469999paubr pss 0 a0eng c | ||
| 010 | |a 2006238205 | ||
| 015 | |a GBB3B2133 |2 bnb | ||
| 016 | 7 | |a 2046884-2 |2 DE-600 | |
| 022 | |a 1938-3282 |l 0096-3402 |y 0096-3402 | ||
| 024 | 7 | |a TK9145 |2 LC class | |
| 035 | |a (WaSeSS)ssj0000267 | ||
| 040 | |a DLM |b eng |c DLM |d OCL |d OCLCQ |d IUL |d NSD |d EEM |d GUA |d UV0 |d TXJ |d CO3 |d CLU |d OCLCQ |d CUS |d DOS |d HEBIS |d OCLCE |d BRK |d SAP |d OCLCO |d OCLCQ |d OCLCF |d OCLCO |d DLC |d OCLCQ |d OCLCO |d OCLCQ |d CUS |d OCLCO |d CUD |d DOS |d OCLCO |d VT2 |d OCLCQ |d OCLCO |d ZAC |d WY@ |d OCLCO |d OCLCA |d NLE |d OCLCA |d U3W |d OCLCA |d UUM |d DLC |d AU@ |d CEF |d WYU |d LEAUB |d CNTRU |d CUS |d REC |d WaSeSS | ||
| 042 | |a pcc |a nsdp |a dlr | ||
| 050 | 0 | 0 | |a TK9145 |
| 060 | 0 | |a W1 BU843J | |
| 060 | 0 | 0 | |a W1 |b SC683 |
| 082 | 1 | 0 | |a 621 |2 14 |
| 210 | 0 | |a Bull. at. sci. |b (Online) | |
| 222 | 0 | |a Bulletin of the atomic scientists |b (Online) | |
| 245 | 0 | 0 | |a Bulletin of the atomic scientists |h [electronic resource]. |
| 260 | |a [Chicago] : |b Bulletin of the atomic scientists | ||
| 260 | 2 | |3 <2011>-2015 : |a [Thousand Oaks, Calif.?] : |b Sage | |
| 260 | 3 | |3 2016- : |a [Philadelphia, PA?] : |b Taylor & Francis | |
| 310 | |a Bimonthly, |b Jan./Feb. 1994- | ||
| 321 | |a Biweekly, |b Mar. 15, 1946- | ||
| 321 | |a Monthly, |b <1979-> | ||
| 321 | |a Monthly (except Feb. and Aug.), |b <Sept. 1987>-Dec. 1993 | ||
| 362 | 1 | |a Print began with vol. 1, no. 7 (Mar. 15, 1946). | |
| 500 | |a "The magazine of global security news and analysis." | ||
| 506 | |a License restrictions may limit access. | ||
| 538 | |a Master and use copy. Digital master created according to Benchmark for Faithful Digital Reproductions of Monographs and Serials, Version 1. Digital Library Federation, December 2002. |u http://purl.oclc.org/DLF/benchrepro0212 |5 MiAaHDL | ||
| 550 | |a Issued by: Atomic Scientists of Chicago, 1946-Mar. 1949; Educational Foundation for Nuclear Science, Apr. 1949-<2002>; Bulletin of the Atomic Scientists, <2003-> | ||
| 583 | 1 | |a digitized |c 2010 |h HathiTrust Digital Library |l committed to preserve |5 MiAaHDL |2 pda | |
| 588 | |a Description based on: Vol. 46, no. 1 (Jan./Feb. 1990); title from publishers journal home page (viewed Mar. 13, 2006). | ||
| 588 | |a Latest issue consulted: Vol. 74, issue 3 (2018) (Taylor & Francis Online viewed June 25, 2018). | ||
| 650 | 0 | |a Nuclear energy |v Periodicals. | |
| 650 | 0 | |a Nuclear energy |x Government policy |v Periodicals. | |
| 650 | 6 | |a Énergie nucléaire |v Périodiques. | |
| 650 | 6 | |a Politique |v Périodiques. | |
| 650 | 6 | |a Sciences |v Périodiques. | |
| 650 | 7 | |a Nuclear energy. |2 fast |0 (OCoLC)fst01039951 | |
| 650 | 7 | |a Nuclear energy |x Government policy. |2 fast |0 (OCoLC)fst01039967 | |
| 650 | 1 | 7 | |a Atoomfysica. |2 gtt |
| 650 | 1 | 7 | |a Kernwapens. |2 gtt |
| 650 | 7 | |a CIENCIA |x PUBLICACIONES PERIODICAS. |2 renib | |
| 650 | 7 | |a ENERGIA NUCLEAR |x PUBLICACIONES PERIODICAS. |2 renib | |
| 650 | 1 | 7 | |a SCIENCE AND TECHNOLOGY. |2 unbist |
| 650 | 1 | 7 | |a NUCLEAR POWER. |2 unbist |
| 650 | 2 | |a Government |v Periodicals. | |
| 650 | 2 | |a Nuclear Energy |v Periodicals. | |
| 650 | 2 | |a Politics |v Periodicals. | |
| 650 | 2 | |a Science |v Periodicals. | |
| 655 | 0 | |a Electronic journals. | |
| 710 | 2 | |a Educational Foundation for Nuclear Science (Chicago, Ill.) | |
| 710 | 2 | |a Atomic Scientists of Chicago. | |
| 710 | 2 | |a Bulletin of the Atomic Scientists (Organization) | |
| 776 | 0 | 8 | |i Print version, 1946-2008: |t Bulletin of the atomic scientists. |d 1946-2008 |x 0096-3402 |w (DLC) 48034039 |w (OCoLC)1242732 |
| 780 | 0 | 0 | |t Bulletin of the Atomic Scientists of Chicago (Online) |w (OCoLC)85446378 |
| 850 | |a DLC | ||
| 853 | 2 | 0 | |8 1 |a v. |b no. |i (year) |j (month/month) |w b |
| 856 | 4 | 0 | |z Full text available from Research Library: 01/01/1988 to 11/30/2003 |u https://search.proquest.com/publication/720 |
| 863 | 4 | 1 | |8 1.1 |a 50 |b 1 |i 1994 |j 01/02 |